Tell el-Iswid 2006-2009 /
Résultats des fouilles archéologiques menées de 2006 à 2010 sur ce site situé dans le delta oriental du Nil. L'étude des structures, du matériel et des ressources animales et végétales permet de dresser un état des lieux des modes de subsistance des populations prédynastiques et éclaire l'...
مؤلفون آخرون: ,
التنسيق: كتاب
اللغة: French
منشور في:
Le Caire :
Institut français d'archéologie orientale,
2014.
سلاسل:
Fouilles de l'Institut français d'archéologie orientale du Caire ; 73.
FIFAO ; 73.
الموضوعات:
الوسوم: إضافة وسم
رقم الطلب: ( F )DT57 .C182 v.73
| LEADER | 01693nam a2200313Ia 4500 | ||
|---|---|---|---|
| 003 | OSt | ||
| 005 | 20240805072601.0 | ||
| 008 | 140307s2014 ua ab b 000 0 fre d | ||
| 952 | |0 0 |1 0 |2 lcc |3 V.73 |4 0 |7 1 |9 44055 |a ARCE |b ARCE |d 2022-11-24 |l 0 |o ( F )DT57 .C182 v.73 |p 1032031 |r 2022-11-24 00:00:00 |w 2022-11-24 |y BK | ||
| 999 | |c 50512 |d 50512 | ||
| 020 | |a 9782724706482 | ||
| 040 | |c ARCE Library | ||
| 050 | 4 | |a ( F )DT57 .C182 v.73 | |
| 245 | 1 | 0 | |a Tell el-Iswid 2006-2009 / |c sous la direction de Béatrix Midant-Reynes et Nathalie Buchez ; avec les contributions de Ahmed Baher [and 22 others]. |
| 264 | 1 | |a Le Caire : |b Institut français d'archéologie orientale, |c 2014. | |
| 300 | |a 319 pages : |b illustrations (some color), map ; |c 33 cm. | ||
| 336 | |2 rdacontent |a text |b txt | ||
| 337 | |2 rdamedia |a unmediated |b n | ||
| 338 | |2 rdacarrier |a volume |b n | ||
| 490 | 0 | |a Fouilles de l'Institut français d'archéologie orientale du Caire ; 73. | |
| 490 | 0 | |a FIFAO ; 73. | |
| 504 | |a Includes bibliographical references (pages 297-315). | ||
| 520 | 8 | |a Résultats des fouilles archéologiques menées de 2006 à 2010 sur ce site situé dans le delta oriental du Nil. L'étude des structures, du matériel et des ressources animales et végétales permet de dresser un état des lieux des modes de subsistance des populations prédynastiques et éclaire l'adoption par les communautés de Basse-Egypte, au IVe millénaire, des modèles socio-culturels des Naqadiens. | |
| 650 | 0 | |a Excavations (Archaeology) -- Egypt -- Tell el-Iswid. | |
| 650 | 0 | |a Tell el-Iswid Site (Egypt) -- Antiquities. | |
| 700 | 1 | |a Midant-Reynes, Béatrix. | |
| 700 | 1 | |a Buchez, Nathalie. | |
| 901 | |a reviewed | ||
| 942 | |2 lcc |c BK | ||
